| 000 | 00739nam a2200241Ia 4500 | ||
|---|---|---|---|
| 001 | 740 | ||
| 005 | 20240113233427.0 | ||
| 007 | ta | ||
| 008 | 050124s a g b000 u eng u | ||
| 020 | _cHB | ||
| 040 | _aRef. stack | ||
| 041 | _aeng | ||
| 082 |
_a955 _bMa 292 Hi |
||
| 100 | _aMalcolm, John . | ||
| 245 | 0 |
_aHistory of Persia: from the most early period to the present time / _cJohn Malcolm. _hTextual Documents |
|
| 260 |
_aLondon : _bJohn Murray , _c1951. |
||
| 300 |
_a643p. : _bill ; _c35cm . |
||
| 500 | _aVol.1 containing an account of the religion, gobernment, usages, and character of the inhabitants of that kingdom. | ||
| 653 | _aHistory - Persia | ||
| 942 |
_2ddc _cBK |
||
| 999 |
_c738 _d738 |
||